| 000 | 00684nam a2200205 a 4500 | ||
|---|---|---|---|
| 005 | 20210223125736.0 | ||
| 008 | 051107s1991 mx r 000 0 spa d | ||
| 020 | _a8421614746 | ||
| 035 | _aUPN01000140944 | ||
| 049 | _aCG | ||
| 050 | 4 |
_aPQ6439 _bF7a |
|
| 100 | 1 |
_aVega Carpio, Félix Lope de, _d1562-1635 |
|
| 245 | 1 | 0 |
_aFuenteovejuna / _cFélix Lope de Vega Carpio ; introd., notas y actividades de Felipe B. Pedraza Jiménez. |
| 260 |
_a[Madrid] : _bBruño, _c1991. |
||
| 300 |
_a222 p. : _bil. |
||
| 440 | 0 |
_aAnaquel ; _v5 |
|
| 600 | 1 | 4 |
_aVEGA CARPIO, FELIX LOPE DE, _d1562-1635 - _xCRITICA E INTERPRETACION _916879 |
| 650 | 4 |
_aDRAMA ESPAÑOL (COMEDIA) _914495 |
|
| 905 | _aLibro | ||
| 999 |
_c113092 _d113092 |
||